Estado que manifiesta el importe de los arrendamientos ... aplicado a las obras de carreteras provinciales de esta demarcación, y de los derechos del Portazgo de la Torre del Baró en los años 1842, 1843 y 1844, ... y de las cantidades que corresponden a cada uno de los partidos judiciales ... / Diputación Provincial de Barcelona
Descripción Física:
1 full de cartolina plegat ; 61 x 42 cm
MARC
| LEADER | 00000nam a2200000Ia 4500 | ||
|---|---|---|---|
| 001 | 17368 | ||
| 008 | 160829s1844 xx 000 0 cat d | ||
| 080 | |a 860, exp. 2 | ||
| 110 | 1 | |a Barcelona (Catalunya : Província). |b Diputació |9 52408 | |
| 245 | |a Estado que manifiesta el importe de los arrendamientos ... aplicado a las obras de carreteras provinciales de esta demarcación, y de los derechos del Portazgo de la Torre del Baró en los años 1842, 1843 y 1844, ... y de las cantidades que corresponden a cada uno de los partidos judiciales ... / Diputación Provincial de Barcelona | ||
| 260 | |a Barcelona : |b Imprenta de Antonio Brusi, |c 1844 | ||
| 300 | |a 1 full de cartolina plegat ; |c 61 x 42 cm | ||
| 650 | |a Arrendament |x Catalunya |x S. XIX |9 47549 | ||
| 650 | |a Carreteres |x Catalunya |x S. XIX |9 47550 | ||
| 901 | |a Arxiu | ||
| 942 | |n 1 | ||
| 952 | |0 0 |1 0 |4 0 |6 860_EXP_2 |7 1 |9 53956 |a Arxiu |b Arxiu |d 2016-12-01 |l 0 |o 860, exp. 2 |p 17368 |r 2016-12-01 00:00:00 |w 2016-12-01 |y ARXIU | ||
| 999 | |c 57823 |d 57823 | ||